Lanean...

The Encroaching desert

Xehetasun bibliografikoak
Formatua: Printed Book
Argitaratua: Bombay, Popular Prakashan 1989
Gaiak:
LEADER 004790000a22001450004500
082 |a 333.736 M9 
245 |a The Encroaching desert 
260 |a Bombay, Popular Prakashan 
260 |c 1989 
465 |a R 75 
500 |a Independent commission on international humaniterian issues 
650 |a Humanitarian issues 
942 |c BK 
999 |c 16355  |d 16355 
952 |0 0  |1 0  |4 0  |6 333_736000000000000_M9  |7 0  |8 ENG  |9 16159  |a MGUL  |b MGUL  |d 2013-07-16  |e R 75  |l 0  |o 333.736 M9  |p 10330  |r 2019-03-26  |w 2013-07-16  |y BK